[Event "AUT-ch Eisenbahner"]
[Site "Wels"]
[Date "2009.05.21"]
[Round "1.5"]
[White "Rinderer, Adolf"]
[Black "Ungar, Karl"]
[Result "1/2-1/2"]
[WhiteElo "1677"]
[BlackElo "1794"]
[PlyCount "83"]
[EventDate "2009.05.21"]
[EventType "swiss"]
[EventRounds "3"]
[EventCountry "AUT"]
[SourceTitle "EXT 2024"]
[Source "ChessBase"]
[SourceDate "2023.10.10"]
[SourceVersion "1"]
[SourceVersionDate "2023.10.10"]
[SourceQuality "1"]

1. e4 e5 2. Nf3 Nc6 3. Be2 Bc5 4. d3 h6 5. c3 a6 6. d4 exd4 7. cxd4 Ba7 8. 0-0 d6 9. Be3 Qe7 10. Nc3 Nf6 11. Nd5 Nxd5 12. exd5 Nb8 13. Rc1 0-0 14. h3 Bf5 15. Bd3 Bxd3 16. Qxd3 Rc8 17. Qf5 Nd7 18. Rfe1 Qd8 19. Re2 Nf6 20. Rce1 Qd7 21. Qxd7 Nxd7 22. Bf4 Nf6 23. Bd2 Nxd5 24. Re4 Nf6 25. Re7 Nd5 26. R7e4 Kf8 27. g4 Re8 28. g5 Rxe4 29. Rxe4 h5 30. Kf1 g6 31. Ke2 Re8 32. Kd3 b5 33. a3 c5 34. dxc5 dxc5 35. Rxe8+ Kxe8 36. Ke4 Ne7 37. Ne5 Bb8 38. Nd3 Bd6 39. Bf4 Kd7 40. Bxd6 Kxd6 41. Ne5 Ke6 42. Nd3 1/2-1/2